|
|
|
|
| LEADER |
00000nab a2200000uu 4500 |
| 001 |
vtls011438808 |
| 003 |
SK-MaSNL |
| 005 |
20260303151424.0 |
| 008 |
230222| xo |||||||||||||||||slo| |
| 015 |
|
|
|a SNBRB
|
| 035 |
|
|
|a (urnnbn)urn:nbn:sk:snk:ar-002u5d
|
| 035 |
|
|
|a (uuid)6fbef4cc-add1-450f-8011-e721f00f358b
|
| 035 |
|
|
|a urn:nbn:sk:snk-abcdnj
|
| 040 |
|
|
|a SNKBUCL
|b slo
|c SNKBUCL
|e AACR2
|
| 041 |
0 |
|
|a slo
|
| 044 |
|
|
|a xo
|c SK
|
| 100 |
1 |
|
|a Tomčík, Miloš,
|d 1922-2009
|4 aut
|9 131365
|
| 245 |
1 |
0 |
|a K niektorým otázkam prednášania literárnej histórie
|c Miloš Tomčík
|
| 773 |
0 |
|
|t Slovenská reč : časopis pre výskum slovenského jazyka : orgán Jazykovedného ústavu Ľudovíta Štúra Slovenskej akadémie vied
|g Roč. 17, č. 7-8 (1951-1952), s. 185-192
|
| 954 |
|
|
|a odborná, vedecká literatúra pôvodná (slovenská)
|2 lita
|
| 958 |
|
|
|a OND
|
| 958 |
|
|
|a EUIPO
|
| 958 |
|
|
|a article16
|
| 999 |
|
|
|c 2017586
|d 2019516
|